Central Library OPAC University of Rajshahi

SMM6 : (Record no. 16858)

MARC details
000 -LEADER
fixed length control field 00722nam a22002532 4500
001 - CONTROL NUMBER
control field 16858
003 - CONTROL NUMBER IDENTIFIER
rucl marc code BD-RjUL
005 - DATE AND TIME OF LATEST TRANSACTION
control field 20211209000047.0
008 - FIXED-LENGTH DATA ELEMENTS--GENERAL INFORMATION
fixed length control field 140215s1979 enka 000 0 eng d
020 ## - INTERNATIONAL STANDARD BOOK NUMBER
International Standard Book Number 0091397812 (pbk)
035 ## - SYSTEM CONTROL NUMBER
System control number (BD-RjUL)16913
040 ## - CATALOGING SOURCE
Original cataloging agency UKM
Transcribing agency UKM
Modifying agency EQO
-- BD-RjUL
Language of cataloging eng
041 ## - LANGUAGE CODE
Language code of text/sound track or separate title eng
082 0# - DEWEY DECIMAL CLASSIFICATION NUMBER
Classification number 692.3
Edition number 19
Author mark and year WOS 1979
100 1# - MAIN ENTRY--PERSONAL NAME
Personal name Wood, Adrian,
Dates associated with a name 1946-.
9 (RLIN) 52052
245 10 - TITLE STATEMENT
Title SMM6 :
Remainder of title a practical guide /
Statement of responsibility, etc. Adrian Wood and David Jaggar.
260 ## - PUBLICATION, DISTRIBUTION, ETC. (IMPRINT)
Place of publication, distribution, etc. London :
Name of publisher, distributor, etc. Hutchinson,
Date of publication, distribution, etc. c1979.
300 ## - PHYSICAL DESCRIPTION
Pagination [6], 105 p. :
Illustrations ill. ;
Size 24 cm.
650 #0 - SUBJECT ADDED ENTRY--TOPICAL TERM
Topical term or geographic name as entry element Building
General subdivision Estimates
Geographic subdivision Great Britain.
9 (RLIN) 52053
700 1# - ADDED ENTRY--PERSONAL NAME
Personal name Jaggar, David.
942 ## - ADDED ENTRY ELEMENTS (KOHA)
Source of classification or shelving scheme Dewey Decimal Classification
Koha item type Books
Holdings
Lost status Source of classification or shelving scheme Damaged status Not for loan Collection code Permanent Location Current Location Shelving location Date acquired Source of acquisition Total Checkouts Full call number Date last seen Copy number Koha item type
  Dewey Decimal Classification   Not For Loan Non-fiction Central Library, University of Rajshahi Central Library, University of Rajshahi Reading Room 02/05/1984 British Council, Dhaka   692.3 WOS 1979 15/02/2014 C-1 Books